00558cam a2200193 a 4500001000800000005001700008008004100025010001700066020003800083020004500121040001800166041000800184080001100192082001800203100000700221101000800228245008700236504004100323477058220180130034513.0860918s1987 nyua b 001 0 eng  a 86023652  a0195040929 (alk. paper) :c$23.95 a0195041909 (pbk. : alk. paper) :c$13.95 aDLCcDLCdDLC aeng a304.6 00a304.6 MEN219 a19 aSHP00aPerspectives on population :c[compiled by] Scott W. Menard and Elizabeth W. Moen. aIncludes bibliographies and indexes.